000 00355nam a2200121Ia 4500
008 220216s9999 xx 000 0 und d
100 _aWeng S S
245 0 _aTechnological evaluation of the tyre rubber
260 _bProceedings of the RRIM Planters Conference, Kuala Lumpur, 1972; p219-245
650 _aTyre rubber
700 _aKeon L K
942 _cJS
999 _c70341
_d70341